| 000 | 01444cam a2200445 i 4500 | ||
|---|---|---|---|
| 001 | vtls000732397 | ||
| 003 | PNM | ||
| 005 | 20221220121638.0 | ||
| 008 | 160506s2014 my e| 000 f may | ||
| 015 | _aM14-07042 | ||
| 020 |
_a9789670448633 _qpaperback _cRM00.00 |
||
| 039 | 9 |
_a201605061750 _bVLOAD _c201410151124 _dnorizan _c201408011258 _dmanoriah _c201407141324 _dhishamuddin |
|
| 040 |
_aBNM _beng _cBNM _dPNM _dPPAK _erda |
||
| 049 | _aklpmal | ||
| 082 | 0 | 4 |
_a899.2333 _223 |
| 090 | 0 | 0 |
_a899.2333 _bROS _dG |
| 100 | 0 |
_aRose Harissa, _d1977-, _eauthor. |
|
| 245 | 1 | 0 |
_aGUY NEXT DOOR / _crose harissa |
| 264 | 1 |
_aKuala Lumpur : _bPenerbitan Kaki Novel Sdn Bhd, _c2014 |
|
| 300 |
_aiii, 487 pages ; _c19 cm |
||
| 336 |
_atext _2rdacontent |
||
| 337 |
_aunmediated _2rdamedia |
||
| 338 |
_avolume _2rdacarrier |
||
| 650 | 1 | 0 | _aMalay fiction |
| 650 | 2 | 0 | _aMalaysian fiction (Malay) |
| 942 |
_2ddc _cB |
||
| 949 |
_62000217063 _a899.2333 ROS M |
||
| 949 |
_62000217062 _a899.2333 ROS M |
||
| 949 |
_62000407196 _a899.2333 ROS M _e2254422 |
||
| 949 |
_62000407195 _a899.2333 ROS M _e2254423 |
||
| 949 |
_61001219662 _e2254424 |
||
| 949 |
_61001219663 _e2254425 |
||
| 949 |
_61001219664 _e2254426 _s2101:20171117 |
||
| 949 |
_61001219665 _e2254427 |
||
| 949 |
_61001219666 _e2254428 |
||
| 949 |
_61001219667 _e2254429 |
||
| 949 |
_61001219668 _e2254430 |
||
| 949 |
_61001219669 _e2254431 _s2101:20180810 |
||
| 949 |
_61001219670 _e2254432 |
||
| 999 |
_c189436 _d189436 |
||